Trouvez l'acteur ou l'actrice...16 - Statistiques

Statistiques générales
  • Ce quiz a été pris 71 fois
  • Le résultat moyen est 7 sur 15
Statistiques - réponses
Films / Séries Acteurs / Actrices % Correct
Un gars, une fille - Retour chez ma mère - Jamais le premier soir Alexandra Lamy
80%
L'arnacoeur - Un monstre à Paris - La fille sur le pont Vanessa Paradis
77%
L'effrontée - La bûche - Prête-moi ta main Charlotte Gainsbourg
72%
Les trois frères - Antilles sur Seine - Saint-Jacques...La Mecque Pascal Légitimus
72%
La liste de Schindler - Star wars, épisode I: la menace fantôme - Taken Liam Neeson
64%
Usual suspects - American beauty - House of cards Kevin Spacey
58%
Pitch black - Fast and furious - Les chroniques de Riddick Vin Diesel
50%
La femme d'à côté - Huit femmes - Vivement dimanche! Fanny Ardant
48%
L'homme de l'Atlantide - Dallas - Notre belle famille Patrick Duffy
38%
Sex and the city - Ed Wood - Mars attacks! Sarah Jessica Parker
33%
Un long dimanche de fiançailles - Jacquou le Croquant - Le premier cercle Gaspard Ulliel
28%
French connection - Un pont trop loin - La firme Gene Hackman
25%
Veronica Mars - Bad moms - Gossip girl Kristen Bell
16%
L'homme fidèle - Les filles du Docteur March - Les amants réguliers Louis Garrel
14%
Fanfan la Tulipe - Le raid - Mortel transfert Hélène de Fougerolles
3%
Aucun quiz correspondant
Distribution des résultats
% des personnes avec chaque résultat
Percentile par nombre de réponses
Votre historique - résultats
Vous n’avez pas pris ce quiz